MARC

LEADER 00000nam0a2200000 4500
001 358642
005 20231102011120.0
035 |a (RuTPU)RU\TPU\retro\15913 
090 |a 358642 
100 |a 20200820d1978 km y0rusy50 ca 
101 0 |a rus 
102 |a MD 
105 |a a z 001zy 
200 1 |a Полупроводниковые приборы и электронная аппаратура  |e межвузовский сборник  |f Кишиневский политехнический институт им. С. Лазо 
210 |a Кишинев  |c Штиинца  |d 1978 
215 |a 116 с.  |c ил. 
320 |a Библиография в конце статей 
606 1 |a Полупроводниковые приборы  |2 stltpush  |3 (RuTPU)RU\TPU\subj\50669  |9 69320 
606 1 |a Электронная аппаратура  |2 stltpush  |3 (RuTPU)RU\TPU\subj\20351  |9 45460 
610 1 |a твердые растворы 
610 1 |a выращивание 
610 1 |a жидкофазная эпитаксия 
610 1 |a применение 
610 1 |a эпитаксиальные слои 
610 1 |a полупроводники 
610 1 |a примесные состояния 
610 1 |a гетеропереходы 
610 1 |a фотоприемники 
675 |a 621.382  |v 4 
675 |a 621.38  |v 4 
712 0 2 |a Кишиневский политехнический институт им. С. Лазо  |2 stltpush  |3 (RuTPU)RU\TPU\col\4164  |9 23937 
801 1 |a RU  |b 63413507  |c 20200820 
801 2 |a RU  |b 63413507  |c 20210317  |g RCR 
942 |c BK